Indice de la legislación dictada durante 1984 en relación con cuestiones económicas

Guardado en:
Bibliografiske detaljer
Institution som forfatter: Banco Central de Costa Rica
Format: Texto
Udgivet: San José: El Banco
Fag:
Tags: Tilføj Tag
Ingen Tags, Vær først til at tagge denne postø!

MARC

LEADER 00000 a a2200000 04500
001 14148
003
040
090 |a 022800  
110 |a Banco Central de Costa Rica  
245 |a Indice de la legislación dictada durante 1984 en relación con cuestiones económicas  
260 |a San José:   |b El Banco  
300 |a 34 p.  
650 |a LEGISLACION ECONOMICA  
999 |c 14166  |d 14166